000 00670nam a2200253Ia 4500
003 OSt
005 20220918164916.0
006 a|||||r|||| 00| 0
007 ta
008 220917b |||||||| |||| 00| 0 eng d
020 _a0810804816
024 _a35,353
037 _cTextual
040 _aARTS
_cARTS
_beng
041 _2eng
_aeng
082 _aO111973,3:gN5, L2
100 _aBlake Fay M
_921605
245 0 _aStricke in the American novel
260 _aLondon
_bScarecrow Press UK
_c1972
300 _a392p.
_ccm.
650 _aENGLISH LITERATURE
942 _hO111973,3:gN5, L2
_cTEXL
_2CC
999 _c127336
_d127336